|
|
|
|
| LEADER |
02750nam a22005175i 4500 |
| 001 |
978-3-319-25067-0 |
| 003 |
DE-He213 |
| 005 |
20170109130610.0 |
| 007 |
cr nn 008mamaa |
| 008 |
150924s2015 gw | s |||| 0|eng d |
| 020 |
|
|
|a 9783319250670
|9 978-3-319-25067-0
|
| 024 |
7 |
|
|a 10.1007/978-3-319-25067-0
|2 doi
|
| 040 |
|
|
|d GrThAP
|
| 050 |
|
4 |
|a TK5105.5-5105.9
|
| 072 |
|
7 |
|a UKN
|2 bicssc
|
| 072 |
|
7 |
|a COM075000
|2 bisacsh
|
| 082 |
0 |
4 |
|a 004.6
|2 23
|
| 245 |
1 |
0 |
|a Ad Hoc Networks
|h [electronic resource] :
|b 7th International Conference, AdHocHets 2015, San Remo, Italy, September 1-2, 2015. Proceedings /
|c edited by Nathalie Mitton, Melike Erol Kantarci, Antoine Gallais, Symeon Papavassiliou.
|
| 264 |
|
1 |
|a Cham :
|b Springer International Publishing :
|b Imprint: Springer,
|c 2015.
|
| 300 |
|
|
|a XI, 263 p. 110 illus. in color.
|b online resource.
|
| 336 |
|
|
|a text
|b txt
|2 rdacontent
|
| 337 |
|
|
|a computer
|b c
|2 rdamedia
|
| 338 |
|
|
|a online resource
|b cr
|2 rdacarrier
|
| 347 |
|
|
|a text file
|b PDF
|2 rda
|
| 490 |
1 |
|
|a Lecture Notes of the Institute for Computer Sciences, Social Informatics and Telecommunications Engineering,
|x 1867-8211 ;
|v 155
|
| 505 |
0 |
|
|a Physical layer -- MAC and routing -- mobility in networks -- self-organization, virtualization and localization -- security and fault tolerance.
|
| 520 |
|
|
|a This book constitutes the proceedings of the International Conference on Ad Hoc Networks, ADHOCNETS 2015, held in September 2015 in Italy. The 17 regular and 3 invited papers presented were carefully reviewed and selected from numerous submissions. The papers cover topics such as physical layer; MAC and routing; mobility in networks; self-organization, virtualization and localization; cloud, virtualization and prototypage; security and fault tolerance in wireless mobile networks.
|
| 650 |
|
0 |
|a Computer science.
|
| 650 |
|
0 |
|a Computer communication systems.
|
| 650 |
|
0 |
|a Special purpose computers.
|
| 650 |
|
0 |
|a Computer security.
|
| 650 |
1 |
4 |
|a Computer Science.
|
| 650 |
2 |
4 |
|a Computer Communication Networks.
|
| 650 |
2 |
4 |
|a Special Purpose and Application-Based Systems.
|
| 650 |
2 |
4 |
|a Systems and Data Security.
|
| 700 |
1 |
|
|a Mitton, Nathalie.
|e editor.
|
| 700 |
1 |
|
|a Kantarci, Melike Erol.
|e editor.
|
| 700 |
1 |
|
|a Gallais, Antoine.
|e editor.
|
| 700 |
1 |
|
|a Papavassiliou, Symeon.
|e editor.
|
| 710 |
2 |
|
|a SpringerLink (Online service)
|
| 773 |
0 |
|
|t Springer eBooks
|
| 776 |
0 |
8 |
|i Printed edition:
|z 9783319250663
|
| 830 |
|
0 |
|a Lecture Notes of the Institute for Computer Sciences, Social Informatics and Telecommunications Engineering,
|x 1867-8211 ;
|v 155
|
| 856 |
4 |
0 |
|u http://dx.doi.org/10.1007/978-3-319-25067-0
|z Full Text via HEAL-Link
|
| 912 |
|
|
|a ZDB-2-SCS
|
| 950 |
|
|
|a Computer Science (Springer-11645)
|